| 000 | 00689nam a2200193 a 4500 | ||
|---|---|---|---|
| 003 | 0 | ||
| 005 | 20250303132750.0 | ||
| 008 | 120723s19uu xx 00 eng d | ||
| 050 |
_aPGS LB 1607.G46 _b.H999 2012 |
||
| 100 | _aHyun, Lee Na. | ||
| 245 |
_aGender and academic performance / _cLee Na Hyun. |
||
| 260 |
_aLas PiƱas City, Philippines : _bSouthville International School and Colleges, _c2012. |
||
| 300 |
_a16 pages : _billustrations ; _c28 cm. |
||
| 504 | _aIncludes bibliographical references. | ||
| 650 |
_aAcademic achievement _vGender differences. |
||
| 650 |
_aEducation _vGender aspects. |
||
| 650 |
_aLearning outcomes _vMale vs. female students. |
||
| 942 |
_2lcc _cPASS |
||
| 999 |
_c98809 _d98809 |
||